00688cam a22001697a 4500008004000000082001400040100002200054245006800076260003700144300001500181650002500196700002300221999001900244952008500263952008500348952008500433180718b1983 xxu||||| |||| 00| 0 eng d aT300 R252 aReekie, W. Duncan aManagerial economicscby W. Duncan Reekie and Jonathan N. Crook aDelhibHeritage Publishersc1983 axiv, 447p. aManagerial economics aCrook, Jonathan N. c431705d431705 00104070aIIPAbIIPAd2010-01-21oT300 R252p61948r2018-07-21w2018-07-21yBK 00104070aIIPAbIIPAd2010-01-21oT300 R252p61947r2018-07-21w2018-07-21yBK 00104070aIIPAbIIPAd2010-01-21oT300 R252p59184r2018-07-21w2018-07-21yBK